[Event "4. Memorial Oliver Gonzalez 2015"]
[Site "Madrid ESP"]
[Date "2015.10.10"]
[Round "1.1"]
[White "Fernandez De Bobadilla, Gabrie"]
[Black "Hovhannisyan, Robert"]
[Result "1-0"]
[WhiteElo "2233"]
[BlackElo "2630"]
[PlyCount "100"]
[EventDate "2015.10.10"]
[EventType "swiss"]
[EventRounds "9"]
[EventCountry "ESP"]
[Source "lmi"]
[SourceDate "2015.10.10"]

1. d4 Nf6 2. c4 c5 3. d5 b5 4. Qc2 bxc4 5. e4 d6 6. Bxc4 g6 7. Nf3 Bg7 8. O-O
O-O 9. Re1 Nbd7 10. Nc3 Rb8 11. h3 Nh5 12. g4 Nhf6 13. Bf4 h5 14. g5 Ne8 15.
Bf1 Nc7 16. Rad1 a6 17. e5 dxe5 18. Nxe5 Nxe5 19. Bxe5 Bf5 20. Qc1 Bxe5 21.
Rxe5 Qd6 22. Rde1 Rfe8 23. b3 e6 24. Qf4 Qf8 25. Rxf5 exf5 26. Rxe8 Rxe8 27.
Qxc7 Rc8 28. Qe5 Re8 29. Qf6 Rd8 30. Bc4 Rd6 31. Qe5 h4 32. Ne2 Qd8 33. Qf4 f6
34. gxf6 Qxf6 35. Qe3 g5 36. Kh2 Kh7 37. Qxc5 Qe5+ 38. f4 Qe7 39. fxg5 Qe5+ 40.
Kg2 f4 41. Qc7+ Kg6 42. Qc8 Qe4+ 43. Kf2 Qe3+ 44. Kf1 f3 45. Qg8+ Kh5 46. Qh8+
Kxg5 47. Nd4 Qc1+ 48. Kf2 Qd2+ 49. Be2 Kg6 50. Qg8+ Kf6 1-0

[Event "4. Memorial Oliver Gonzalez 2015"]
[Site "Madrid ESP"]
[Date "2015.10.10"]
[Round "1.2"]
[White "Grigoryan, Karen H"]
[Black "Lopez Del Alamo, Antonio"]
[Result "1-0"]
[WhiteElo "2600"]
[BlackElo "2229"]
[PlyCount "147"]
[EventDate "2015.10.10"]
[EventType "swiss"]
[EventRounds "9"]
[EventCountry "ESP"]
[Source "lmi"]
[SourceDate "2015.10.10"]

1. d4 Nf6 2. c4 g6 3. Nc3 Bg7 4. Nf3 O-O 5. g3 d6 6. Bg2 c6 7. O-O Qa5 8. h3 e5
9. e4 exd4 10. Nxd4 Nbd7 11. Re1 Ne5 12. Bf1 Be6 13. Nxe6 fxe6 14. Kg2 Rad8 15.
f4 Nf7 16. Bd2 Qc7 17. Qf3 Nd7 18. Kh1 c5 19. h4 Nfe5 20. Qd1 Nc6 21. Bh3 Rfe8
22. f5 Nf8 23. Bg5 Nd4 24. fxe6 Nfxe6 25. Nd5 Qb8 26. Bxd8 Qxd8 27. Rf1 Be5 28.
Qd3 Nc7 29. Rf2 Nxd5 30. exd5 Qe7 31. Raf1 Bg7 32. Qa3 Qe4+ 33. Bg2 Qe3 34.
Qxe3 Rxe3 35. Bh3 Be5 36. Be6+ Kg7 37. Rf7+ Kh6 38. Rxb7 Bxg3 39. Bg8 Kh5 40.
Rxh7+ Kg4 41. Be6+ Nxe6 42. Re7 Re2 43. Rxe6 Rxb2 44. Rxg6+ Kh3 45. Rc1 Rh2+
46. Kg1 Rg2+ 47. Kf1 Rf2+ 48. Ke1 Rxa2+ 49. Kd1 Kxh4 50. Rc3 Bf4 51. Rf3 Rd2+
52. Ke1 Rd4 53. Rf1 Kh5 54. Rg2 Bg5 55. Rf5 Rg4 56. Rxg4 Kxg4 57. Rf7 a5 58.
Ke2 a4 59. Ra7 Bf6 60. Kd3 Be5 61. Ke4 Kg3 62. Rxa4 Kf2 63. Ra2+ Kg3 64. Kf5
Kf3 65. Ke6 Ke3 66. Ra6 Kd4 67. Rxd6 Bxd6 68. Kxd6 Kxc4 69. Kc6 Kb4 70. d6 c4
71. d7 c3 72. d8=Q c2 73. Qd2+ Kb3 74. Qc1 1-0

[Event "4. Memorial Oliver Gonzalez 2015"]
[Site "Madrid ESP"]
[Date "2015.10.10"]
[Round "1.3"]
[White "Semprun Martinez, Fernando"]
[Black "Arribas Lopez, Angel"]
[Result "0-1"]
[WhiteElo "2220"]
[BlackElo "2536"]
[PlyCount "80"]
[EventDate "2015.10.10"]
[EventType "swiss"]
[EventRounds "9"]
[EventCountry "ESP"]
[Source "lmi"]
[SourceDate "2015.10.10"]

1. e4 e6 2. d4 d5 3. Nc3 Nf6 4. e5 Nfd7 5. f4 c5 6. Nf3 Qb6 7. Be3 Nc6 8. Na4
Qa5+ 9. c3 cxd4 10. b4 Qc7 11. Nxd4 Nxd4 12. Bxd4 Be7 13. Bd3 Nb8 14. O-O Nc6
15. Bc5 b6 16. Bxe7 Nxe7 17. Rc1 Bd7 18. c4 dxc4 19. Rxc4 Qb7 20. Be4 Qa6 21.
Nb2 Rc8 22. Rxc8+ Nxc8 23. a4 b5 24. a5 Bc6 25. Bxc6+ Qxc6 26. Qd4 Ke7 27. Rd1
Qc7 28. Qe4 Rd8 29. Rxd8 Kxd8 30. Nd3 Qc4 31. Qxh7 Qd4+ 32. Kf1 Ne7 33. Qh3 Nd5
34. Qf3 Kc7 35. Ke2 Nxb4 36. Nxb4 Qb2+ 37. Kf1 Qxb4 38. Qd3 Qxa5 39. Qd6+ Kc8
40. Qc6+ Qc7 0-1

[Event "4. Memorial Oliver Gonzalez 2015"]
[Site "Madrid ESP"]
[Date "2015.10.10"]
[Round "1.4"]
[White "Ulybin, Mikhail"]
[Black "Vazquez Torres, Adrian"]
[Result "1-0"]
[WhiteElo "2520"]
[BlackElo "2204"]
[PlyCount "133"]
[EventDate "2015.10.10"]
[EventType "swiss"]
[EventRounds "9"]
[EventCountry "ESP"]
[Source "lmi"]
[SourceDate "2015.10.10"]

1. e4 e5 2. Nf3 Nc6 3. Bb5 a6 4. Ba4 Nf6 5. O-O b5 6. Bb3 Be7 7. Re1 d6 8. a4
b4 9. d4 O-O 10. dxe5 Nxe5 11. Nbd2 Bg4 12. h3 Nxf3+ 13. Nxf3 Bh5 14. e5 dxe5
15. Qxd8 Raxd8 16. Nxe5 Bc5 17. Nc6 Rd6 18. Ne7+ Kh8 19. Bf4 Rd7 20. Nc6 Bg6
21. Rad1 Rxd1 22. Rxd1 Ne4 23. Be3 Bd6 24. Rd5 f5 25. g3 Be8 26. Na5 c6 27. Rd3
Bc7 28. Nb7 Bg6 29. Rd7 Be5 30. Nc5 f4 31. gxf4 Bxb2 32. Ne6 Re8 33. Ng5 Nf6
34. Rd6 Nd5 35. f5 Bxf5 36. Nf7+ Kg8 37. Rxc6 Kxf7 38. Bxd5+ Be6 39. Rc7+ Kf6
40. Rc6 Kf7 41. Bb3 Bxb3 42. cxb3 Re6 43. Rc4 Bc3 44. Kf1 Re5 45. Ke2 Rh5 46.
Rc7+ Ke8 47. Rc6 a5 48. Rc5 Rxh3 49. Rxa5 Kd7 50. Ra8 Rh1 51. a5 Ra1 52. a6 Kc7
53. a7 Re1+ 54. Kf3 Rxe3+ 55. fxe3 Kb7 56. Rh8 Kxa7 57. Rxh7 Kb6 58. Rh5 Kc6
59. Ke4 Kd6 60. Rb5 Kc6 61. Rd5 Bf6 62. Rd1 Bg5 63. Rd4 Be7 64. Kf5 Bc5 65. Rd3
Be7 66. e4 g5 67. e5 1-0

[Event "4. Memorial Oliver Gonzalez 2015"]
[Site "Madrid ESP"]
[Date "2015.10.10"]
[Round "1.5"]
[White "Solaesa Navalpotro, Luis Julio"]
[Black "Del Rio De Angelis, Salvador G"]
[Result "0-1"]
[WhiteElo "2202"]
[BlackElo "2512"]
[PlyCount "76"]
[EventDate "2015.10.10"]
[EventType "swiss"]
[EventRounds "9"]
[EventCountry "ESP"]
[Source "lmi"]
[SourceDate "2015.10.10"]

1. d4 e6 2. c4 d5 3. Nf3 Nf6 4. g3 Be7 5. Bg2 O-O 6. O-O dxc4 7. Ne5 Qd6 8.
Nxc4 Qa6 9. Qc2 Nc6 10. e3 Nb4 11. Qb3 c5 12. dxc5 Bxc5 13. Bd2 Nbd5 14. e4 Ne7
15. Be3 Bxe3 16. Nxe3 Nc6 17. Nc3 e5 18. Ncd5 Nxd5 19. exd5 Nd4 20. Qc4 Qb6 21.
b3 Bd7 22. Qd3 Bb5 23. Nc4 Bxc4 24. bxc4 Qc5 25. Kh1 f5 26. Rfe1 e4 27. Qc3
Rac8 28. Rac1 Nb5 29. Qb3 Nd6 30. f3 b5 31. fxe4 fxe4 32. Bh3 Rc7 33. cxb5 Qxc1
34. Rxc1 Rxc1+ 35. Kg2 Nc4 36. Be6+ Kh8 37. Qb4 Rf6 38. g4 Rf3 0-1

[Event "4. Memorial Oliver Gonzalez 2015"]
[Site "Madrid ESP"]
[Date "2015.10.10"]
[Round "1.6"]
[White "Gleizerov, Evgeny"]
[Black "Iagar, Razvan-Gabriel"]
[Result "1-0"]
[WhiteElo "2493"]
[BlackElo "2172"]
[PlyCount "61"]
[EventDate "2015.10.10"]
[EventType "swiss"]
[EventRounds "9"]
[EventCountry "ESP"]
[Source "lmi"]
[SourceDate "2015.10.10"]

1. d4 d5 2. c4 c6 3. Nf3 Nf6 4. Nc3 dxc4 5. a4 Bf5 6. e3 e6 7. a5 Bb4 8. Qa4
Qe7 9. Bxc4 O-O 10. O-O h6 11. Qb3 Bd6 12. h3 Qc7 13. Re1 Ne4 14. Nxe4 Bxe4 15.
Nd2 Bg6 16. e4 c5 17. d5 e5 18. Bd3 Nd7 19. Nc4 Rab8 20. Be3 Rfe8 21. Na3 a6
22. Nc4 Bf8 23. Rf1 Nf6 24. f4 Bxe4 25. Bxe4 Nxe4 26. fxe5 Ng3 27. Rf2 Qd8 28.
Qd3 Re6 29. Rf3 Rg6 30. e6 f5 31. Bf4 1-0

[Event "4. Memorial Oliver Gonzalez 2015"]
[Site "Madrid ESP"]
[Date "2015.10.10"]
[Round "1.9"]
[White "Lorenzo Duran, Marcos"]
[Black "Petrov, Marian"]
[Result "0-1"]
[WhiteElo "2146"]
[BlackElo "2462"]
[PlyCount "70"]
[EventDate "2015.10.10"]
[EventType "swiss"]
[EventRounds "9"]
[EventCountry "ESP"]
[Source "lmi"]
[SourceDate "2015.10.10"]

1. d4 c5 2. e3 g6 3. c4 Bg7 4. Nc3 Nf6 5. Nf3 O-O 6. Be2 cxd4 7. exd4 d5 8. O-O
Nc6 9. h3 dxc4 10. Bxc4 a6 11. Re1 b5 12. Bf1 Bb7 13. Bg5 h6 14. Be3 Rc8 15. a4
b4 16. Na2 Nd5 17. Nc1 Nxe3 18. fxe3 e5 19. Nb3 exd4 20. exd4 Na5 21. Nxa5 Qxa5
22. Ne5 Qd5 23. Qg4 h5 24. Qd7 Qxd7 25. Nxd7 Bxd4+ 26. Kh1 Rfd8 27. Re7 Bxb2
28. Rb1 Rc2 29. Nb6 Bxg2+ 30. Bxg2 Rdd2 31. Rxb2 Rxb2 32. Nc4 Rxg2 33. Nxb2
Rxb2 34. Ra7 b3 35. Rxa6 Rc2 0-1

[Event "4. Memorial Oliver Gonzalez 2015"]
[Site "Madrid ESP"]
[Date "2015.10.10"]
[Round "1.10"]
[White "Perez Mitjans, Orelvis"]
[Black "Barrenechea Bahamonde, Gustavo"]
[Result "1-0"]
[WhiteElo "2457"]
[BlackElo "2141"]
[PlyCount "39"]
[EventDate "2015.10.10"]
[EventType "swiss"]
[EventRounds "9"]
[EventCountry "ESP"]
[Source "lmi"]
[SourceDate "2015.10.10"]

1. e4 e5 2. Nf3 Nc6 3. Bb5 a6 4. Ba4 d6 5. O-O Bg4 6. h3 h5 7. Bxc6+ bxc6 8. d3
Qf6 9. hxg4 hxg4 10. Ng5 Qh6 11. f4 Qh2+ 12. Kf2 Nf6 13. fxe5 dxe5 14. Be3 Rh4
15. Nc3 Nh5 16. Ne2 Nf4 17. Bxf4 exf4 18. Rh1 Qxh1 19. Qxh1 Rxh1 20. Rxh1 1-0

[Event "4. Memorial Oliver Gonzalez 2015"]
[Site "Madrid ESP"]
[Date "2015.10.10"]
[Round "1.11"]
[White "Busquets, Luis"]
[Black "Rubio Mejia, Luis Ignacio"]
[Result "0-1"]
[WhiteElo "2132"]
[BlackElo "2456"]
[PlyCount "66"]
[EventDate "2015.10.10"]
[EventType "swiss"]
[EventRounds "9"]
[EventCountry "ESP"]
[Source "lmi"]
[SourceDate "2015.10.10"]

1. e4 c5 2. Nf3 d6 3. d4 cxd4 4. Nxd4 Nf6 5. Nc3 a6 6. Bg5 Nbd7 7. f4 Qc7 8.
Qf3 h6 9. Bxf6 Nxf6 10. f5 Qc5 11. O-O-O g5 12. Nd5 Nxd5 13. exd5 Bg7 14. Nb3
Qb6 15. c3 Bd7 16. Bd3 Rc8 17. Rde1 Kf8 18. h4 Bf6 19. hxg5 Bxg5+ 20. Kb1 a5
21. Re4 Bf6 22. Qe3 Qxe3 23. Rxe3 a4 24. Nd2 a3 25. Ne4 Be5 26. g4 axb2 27.
Kxb2 Kg7 28. Reh3 Ra8 29. Rh5 f6 30. Nd2 Be8 31. R5h3 Bf7 32. Be4 Ra4 33. Kb3
Rxe4 0-1

[Event "4. Memorial Oliver Gonzalez 2015"]
[Site "Madrid ESP"]
[Date "2015.10.10"]
[Round "1.12"]
[White "Almagro Llamas, Pablo"]
[Black "Garcia Martin, Marta"]
[Result "0-1"]
[WhiteElo "2443"]
[BlackElo "2113"]
[PlyCount "150"]
[EventDate "2015.10.10"]
[EventType "swiss"]
[EventRounds "9"]
[EventCountry "ESP"]
[Source "lmi"]
[SourceDate "2015.10.10"]

1. d4 Nf6 2. Nf3 e6 3. e3 d5 4. c4 Be7 5. Nbd2 O-O 6. b3 b6 7. Bb2 Bb7 8. Bd3
c5 9. O-O Nbd7 10. Qe2 Ne4 11. Rfd1 Nxd2 12. Rxd2 cxd4 13. exd4 Rc8 14. Rdd1
Qc7 15. Qe3 Rfe8 16. Rac1 Qb8 17. Bb1 Qa8 18. Qf4 h6 19. Qg3 Bf8 20. c5 bxc5
21. dxc5 Nxc5 22. Ne5 Ne4 23. Bxe4 dxe4 24. Ng4 Kh7 25. Qf4 f5 26. Nxh6 gxh6
27. Qe5 Re7 28. Qh8+ Kg6 29. Qf6+ Kh7 30. Rxc8 Qxc8 31. Rc1 Qe8 32. Qh8+ Kg6
33. Qf6+ Kh7 34. Qh8+ Kg6 35. Qf6+ Kh7 36. Qh8+ Kg6 37. Qg8+ Bg7 38. Qxe8+ Rxe8
39. Bxg7 Kxg7 40. Rc7+ Kf6 41. Rxb7 Rc8 42. g3 Rc1+ 43. Kg2 Rc2 44. Kg1 Rxa2
45. b4 Ra1+ 46. Kg2 Ra2 47. Kg1 e5 48. Rb8 f4 49. gxf4 exf4 50. Re8 Kf5 51. h3
Ra1+ 52. Kg2 f3+ 53. Kg3 Rg1+ 54. Kh4 Rg2 55. Rf8+ Ke5 56. Re8+ Kd4 57. Rd8+
Kc3 58. Re8 Kd3 59. Rd8+ Ke2 60. Re8 Kxf2 61. Rxe4 Kf1 62. Re7 f2 63. Rxa7 Kg1
64. Ra1+ f1=Q 65. Rxf1+ Kxf1 66. Kh5 Rb2 67. Kxh6 Rxb4 68. Kg5 Kf2 69. h4 Kg3
70. h5 Rb5+ 71. Kg6 Kf4 72. h6 Rb6+ 73. Kg7 Kg5 74. h7 Rb7+ 75. Kg8 Kg6 0-1

[Event "4. Memorial Oliver Gonzalez 2015"]
[Site "Madrid ESP"]
[Date "2015.10.10"]
[Round "1.13"]
[White "Del Valle Cirera, Adria"]
[Black "Moreno Ruiz, Javier"]
[Result "0-1"]
[WhiteElo "2090"]
[BlackElo "2430"]
[PlyCount "34"]
[EventDate "2015.10.10"]
[EventType "swiss"]
[EventRounds "9"]
[EventCountry "ESP"]
[Source "lmi"]
[SourceDate "2015.10.10"]

1. e4 e5 2. Nf3 Nc6 3. Bb5 a6 4. Ba4 Nf6 5. Qe2 b5 6. Bb3 Be7 7. c3 O-O 8. d3
d5 9. Bg5 dxe4 10. dxe4 Bb7 11. O-O Nxe4 12. Bxe7 Nxe7 13. Nxe5 Qd6 14. f4 Nf5
15. Qe1 Rad8 16. Bc2 Qb6+ 17. Kh1 Ne3 0-1

[Event "4. Memorial Oliver Gonzalez 2015"]
[Site "Madrid ESP"]
[Date "2015.10.10"]
[Round "1.14"]
[White "Aryan, Chopra"]
[Black "Martin Rodriguez, Emilio"]
[Result "1-0"]
[WhiteElo "2430"]
[BlackElo "2084"]
[PlyCount "37"]
[EventDate "2015.10.10"]
[EventType "swiss"]
[EventRounds "9"]
[EventCountry "ESP"]
[Source "lmi"]
[SourceDate "2015.10.10"]

1. e4 e6 2. d4 d5 3. Nc3 Nf6 4. e5 Ne4 5. Nce2 h6 6. h4 Be7 7. g3 c5 8. f3 Nxg3
9. Nxg3 Bxh4 10. N1e2 g5 11. c3 Nc6 12. Rxh4 gxh4 13. Nh5 cxd4 14. Nf6+ Kf8 15.
cxd4 Bd7 16. Qd2 Qc7 17. b4 Rd8 18. b5 Ne7 19. Qxh6+ 1-0

[Event "4. Memorial Oliver Gonzalez 2015"]
[Site "Madrid ESP"]
[Date "2015.10.10"]
[Round "1.15"]
[White "Perdomo Araujo, Angel Eduardo"]
[Black "Valles Moreno, Ivan"]
[Result "0-1"]
[WhiteElo "2081"]
[BlackElo "2417"]
[PlyCount "166"]
[EventDate "2015.10.10"]
[EventType "swiss"]
[EventRounds "9"]
[EventCountry "ESP"]
[Source "lmi"]
[SourceDate "2015.10.10"]

1. b4 d5 2. Bb2 Bg4 3. Nf3 Nd7 4. g3 c6 5. Bg2 Ngf6 6. O-O e6 7. a3 Bd6 8. d3
h5 9. h4 a5 10. bxa5 Qxa5 11. Nbd2 Qb6 12. Rb1 Qc7 13. Qc1 O-O 14. c4 Ra4 15.
Qc2 Rfa8 16. Qb3 R8a7 17. Ra1 Qd8 18. d4 Qe7 19. c5 Bc7 20. e4 dxe4 21. Ng5 e5
22. Ndxe4 exd4 23. Rfe1 Qf8 24. Rac1 Nd5 25. Rc4 Rxc4 26. Qxc4 Ba5 27. Rc1 Bc3
28. Bxc3 dxc3 29. Nxc3 Nxc3 30. Qxc3 Qa8 31. Re1 Rxa3 32. Qc4 Qf8 33. Qe4 g6
34. Qb4 Qxc5 35. Qxb7 Ra2 36. Rf1 Rc2 37. Qc8+ Kg7 38. Qe8 Qf8 39. Qe4 Bf5 40.
Qd4+ Kg8 41. Re1 Qc5 42. Re8+ Nf8 43. Qf4 Kg7 44. Be4 Rc1+ 45. Kh2 Rc4 46. Re5
Qa7 47. Rxf5 gxf5 48. Qxf5 Qe7 49. Bf3 Rc5 50. Qf4 f6 51. Ne4 Re5 52. Nc3 Qc5
53. Nd1 Ne6 54. Qa4 Nd4 55. Bg2 Re7 56. Ne3 Re5 57. Qa8 Nf5 58. Qxc6 Nxe3 59.
fxe3 Qxc6 60. Bxc6 Rxe3 61. Kg2 Re5 62. Kf3 Rc5 63. Bd7 Kf7 64. Kf4 Ke7 65. Bf5
Kd6 66. Bg6 Ke6 67. Be8 Rc4+ 68. Kf3 Rc5 69. Bg6 Ra5 70. Kf4 Ra4+ 71. Ke3 Ke5
72. Bxh5 Ra3+ 73. Kf2 f5 74. Be2 Ke4 75. Bd1 Ra2+ 76. Be2 Rb2 77. h5 Rd2 78. h6
Rd6 79. g4 Rxh6 80. gxf5 Rh2+ 81. Kf1 Ke3 82. Ba6 Rf2+ 83. Ke1 Ra2 0-1

[Event "4. Memorial Oliver Gonzalez 2015"]
[Site "Madrid ESP"]
[Date "2015.10.10"]
[Round "1.16"]
[White "Starostits, Ilmars"]
[Black "De Seroux, Camille"]
[Result "1-0"]
[WhiteElo "2404"]
[BlackElo "2057"]
[PlyCount "61"]
[EventDate "2015.10.10"]
[EventType "swiss"]
[EventRounds "9"]
[EventCountry "ESP"]
[Source "lmi"]
[SourceDate "2015.10.10"]

1. e4 c5 2. Nc3 Nc6 3. g3 d6 4. Bg2 a6 5. f4 Nf6 6. h3 e6 7. d3 Qc7 8. a4 Be7
9. Be3 Bd7 10. g4 h6 11. Nge2 Nh7 12. O-O g5 13. Ng3 O-O-O 14. Qd2 gxf4 15.
Bxf4 Bg5 16. Bxg5 Nxg5 17. h4 Nh7 18. Rxf7 Ne5 19. Rg7 Nf6 20. g5 Ne8 21. Re7
d5 22. exd5 Ng6 23. Rxd7 Qxd7 24. Qe3 Nxh4 25. Bh3 Nc7 26. dxe6 Qe7 27. Rf1 Kb8
28. Rf7 Qxg5 29. Qxg5 hxg5 30. e7 Rd4 31. Rf8+ 1-0

[Event "4. Memorial Oliver Gonzalez 2015"]
[Site "Madrid ESP"]
[Date "2015.10.10"]
[Round "1.17"]
[White "Suarez Triguero, Jose Alfonso"]
[Black "Taboas Rodriguez, Daniel"]
[Result "1/2-1/2"]
[WhiteElo "2050"]
[BlackElo "2394"]
[PlyCount "71"]
[EventDate "2015.10.10"]
[EventType "swiss"]
[EventRounds "9"]
[EventCountry "ESP"]
[Source "lmi"]
[SourceDate "2015.10.10"]

1. e4 e6 2. d4 d5 3. Nc3 Nf6 4. Bg5 Be7 5. e5 Nfd7 6. Bxe7 Qxe7 7. Nb5 Nb6 8.
c3 O-O 9. f4 Bd7 10. a4 a6 11. a5 Bxb5 12. Bxb5 axb5 13. axb6 Rxa1 14. Qxa1 c6
15. Qa7 Na6 16. Nf3 c5 17. dxc5 Qxc5 18. Nd4 b4 19. Kd2 bxc3+ 20. bxc3 Rc8 21.
Rc1 Qe7 22. Nb5 Nc5 23. Nd6 Ne4+ 24. Nxe4 dxe4 25. Qa4 Rd8+ 26. Kc2 e3 27. Rd1
e2 28. Rxd8+ Qxd8 29. Qa1 h5 30. Qe1 Qxb6 31. Qxe2 h4 32. Qe1 Qc6 33. Qxh4
Qxg2+ 34. Kb3 b5 35. Qd8+ Kh7 36. Qh4+ 1/2-1/2

[Event "4. Memorial Oliver Gonzalez 2015"]
[Site "Madrid ESP"]
[Date "2015.10.10"]
[Round "1.18"]
[White "Roa Alonso, Santiago"]
[Black "Beyerholm, Arne"]
[Result "1-0"]
[WhiteElo "2382"]
[BlackElo "2046"]
[PlyCount "62"]
[EventDate "2015.10.10"]
[EventType "swiss"]
[EventRounds "9"]
[EventCountry "ESP"]
[Source "lmi"]
[SourceDate "2015.10.10"]

1. e4 c6 2. c4 d5 3. exd5 cxd5 4. cxd5 Nf6 5. Nc3 Nxd5 6. Nf3 Nc6 7. Bb5 Nxc3
8. bxc3 e6 9. O-O Bd7 10. d4 Be7 11. Bd3 O-O 12. Rb1 b6 13. Qe2 g6 14. Bf4 Bc8
15. h4 Bb7 16. Ng5 Bf6 17. Ne4 Be7 18. h5 Re8 19. Qe3 Na5 20. Qg3 Rc8 21. hxg6
hxg6 22. Ng5 Bf6 23. Nxf7 Kxf7 24. Qxg6+ Kf8 25. Bh6+ Ke7 26. Qh7+ Kd6 27. Bf4+
e5 28. dxe5+ Bxe5 29. Rfd1 Bd5 30. Be4 Rc5 31. Bxd5 Qe7 1-0

[Event "4. Memorial Oliver Gonzalez 2015"]
[Site "Madrid ESP"]
[Date "2015.10.10"]
[Round "1.21"]
[White "Avendano Mateos, Jose"]
[Black "Martinez Reyes, Pedro Ramon"]
[Result "1-0"]
[WhiteElo "2023"]
[BlackElo "2356"]
[PlyCount "86"]
[EventDate "2015.10.10"]
[EventType "swiss"]
[EventRounds "9"]
[EventCountry "ESP"]
[Source "lmi"]
[SourceDate "2015.10.10"]

1. d4 d5 2. Nf3 Nc6 3. Bf4 Bg4 4. e3 e6 5. h3 Bh5 6. Nbd2 Bd6 7. c3 Nge7 8.
Bxd6 cxd6 9. e4 O-O 10. Be2 e5 11. dxe5 dxe5 12. exd5 Qxd5 13. Qa4 Bg6 14. Qc4
e4 15. Qxd5 Nxd5 16. Nh4 Rad8 17. Nc4 f5 18. Nxg6 hxg6 19. O-O-O Nf4 20. Bf1 b5
21. g3 Rxd1+ 22. Kxd1 Rd8+ 23. Kc1 Nd3+ 24. Bxd3 exd3 25. Ne3 Ne5 26. f4 Nc4
27. Nxc4 bxc4 28. Kd2 Rb8 29. Rb1 a5 30. b3 a4 31. b4 Kf7 32. Re1 Kf6 33. h4 g5
34. fxg5+ Kg6 35. Re7 Kh5 36. Rc7 Kg4 37. Rxc4+ Kxg3 38. Rc7 f4 39. Rxg7 Rf8
40. g6 Rh8 41. Rh7 Rg8 42. h5 f3 43. Rf7 f2 1-0

[Event "4. Memorial Oliver Gonzalez 2015"]
[Site "Madrid ESP"]
[Date "2015.10.10"]
[Round "1.22"]
[White "Sorm, Daniel"]
[Black "Largo Barbero, Benito"]
[Result "1-0"]
[WhiteElo "2354"]
[BlackElo "2005"]
[PlyCount "89"]
[EventDate "2015.10.10"]
[EventType "swiss"]
[EventRounds "9"]
[EventCountry "ESP"]
[Source "lmi"]
[SourceDate "2015.10.10"]

1. d4 Nf6 2. c4 g6 3. Nc3 Bg7 4. e4 d6 5. Bg5 O-O 6. Qd2 Na6 7. Nf3 c5 8. d5
Bd7 9. Be2 Qc7 10. O-O Rad8 11. Rad1 h5 12. h3 Kh7 13. Bf4 Qc8 14. Rfe1 Ne8 15.
e5 dxe5 16. Nxe5 Bf5 17. Nb5 f6 18. Nd3 Nd6 19. Bxd6 exd6 20. Nxa7 Qd7 21. Nb5
Bh6 22. Qc3 Qf7 23. a3 g5 24. f3 g4 25. fxg4 hxg4 26. hxg4 Bc8 27. Bf3 f5 28.
gxf5 Bxf5 29. Re2 Rd7 30. Rde1 Qg6 31. Re6 Qg3 32. Re7+ Rf7 33. Qf6 Rfxe7 34.
Rxe7+ Rxe7 35. Qxe7+ Bg7 36. Qe2 Qh4 37. Nf2 Qf6 38. Be4 Kg8 39. Bxf5 Qxf5 40.
Qe8+ Bf8 41. Qe6+ Qf7 42. Ne4 Qxe6 43. dxe6 Nb8 44. Nbxd6 b6 45. Nc8 1-0

[Event "4. Memorial Oliver Gonzalez 2015"]
[Site "Madrid ESP"]
[Date "2015.10.10"]
[Round "1.24"]
[White "Medarde Santiago, Luis Marcos"]
[Black "Paarup, Torsten"]
[Result "1/2-1/2"]
[WhiteElo "2324"]
[BlackElo "1996"]
[PlyCount "103"]
[EventDate "2015.10.10"]
[EventType "swiss"]
[EventRounds "9"]
[EventCountry "ESP"]
[Source "lmi"]
[SourceDate "2015.10.10"]

1. e4 c6 2. Nc3 d5 3. Nf3 Bg4 4. h3 Bxf3 5. Qxf3 dxe4 6. Nxe4 Nd7 7. Ng5 Ngf6
8. Qb3 e6 9. Qxb7 Be7 10. c3 O-O 11. Qxc6 Ne5 12. Qb5 Nd5 13. Qe2 Ng6 14. Nf3
e5 15. g3 e4 16. Nh2 Bc5 17. Qb5 Qd6 18. Bg2 Rab8 19. Qc4 Rfc8 20. d4 exd3 21.
Qxd5 Re8+ 22. Kf1 Qe7 23. Qe4 Qxe4 24. Bxe4 Rxe4 25. Ng4 d2 26. Bxd2 Rxb2 27.
Be3 Bxe3 28. Nxe3 Ne5 29. Rd1 g6 30. a4 Ra2 31. Rd4 Rxd4 32. cxd4 Nd3 33. Nd1
Rxa4 34. Ke2 Rxd4 35. Nc3 Nc5 36. Rb1 Rc4 37. Kd2 Ne4+ 38. Nxe4 Rxe4 39. Rb7
Ra4 40. Ke3 Kg7 41. h4 h5 42. f3 a5 43. Rb6 Ra1 44. Ra6 a4 45. Kf4 a3 46. g4
hxg4 47. Kxg4 a2 48. Kf4 Kh6 49. Ra8 Kg7 50. Ra6 Kh7 51. Ra8 Kg7 52. Ra6
1/2-1/2

[Event "4. Memorial Oliver Gonzalez 2015"]
[Site "Madrid ESP"]
[Date "2015.10.10"]
[Round "1.25"]
[White "Vazquez Gonzalez, Jesus"]
[Black "Martin Rueda, Daniel"]
[Result "0-1"]
[WhiteElo "1978"]
[BlackElo "2314"]
[PlyCount "54"]
[EventDate "2015.10.10"]
[EventType "swiss"]
[EventRounds "9"]
[EventCountry "ESP"]
[Source "lmi"]
[SourceDate "2015.10.10"]

1. e4 c5 2. Nf3 d6 3. d4 cxd4 4. Nxd4 Nf6 5. Nc3 e6 6. Be2 a6 7. O-O Nbd7 8. f4
b5 9. a3 Bb7 10. Bf3 Rc8 11. Kh1 Rc4 12. e5 Bxf3 13. Nxf3 dxe5 14. Nxe5 Nxe5
15. Qxd8+ Kxd8 16. fxe5 Nd7 17. Rxf7 Ke8 18. Rf1 Bc5 19. Bd2 Bd4 20. Rad1 Rf8
21. Rxf8+ Kxf8 22. Rf1+ Ke8 23. Rf3 Nxe5 24. Rh3 h6 25. Rg3 Kf7 26. Be1 Bb6 27.
b3 Rf4 0-1

[Event "4. Memorial Oliver Gonzalez 2015"]
[Site "Madrid ESP"]
[Date "2015.10.10"]
[Round "1.26"]
[White "Plazuelo Pascual, Juan"]
[Black "Marcos Herrero, Francisco"]
[Result "1-0"]
[WhiteElo "2302"]
[BlackElo "1966"]
[PlyCount "89"]
[EventDate "2015.10.10"]
[EventType "swiss"]
[EventRounds "9"]
[EventCountry "ESP"]
[Source "lmi"]
[SourceDate "2015.10.10"]

1. d4 Nf6 2. Nf3 c5 3. d5 g6 4. Nc3 d6 5. e4 Bg7 6. Bb5+ Nbd7 7. a4 O-O 8. O-O
a6 9. Bd3 Rb8 10. Re1 Ng4 11. h3 Nge5 12. Nxe5 Nxe5 13. Bf1 f5 14. f4 Nf7 15.
exf5 Bxf5 16. Bd3 b5 17. Bxf5 gxf5 18. Qe2 Qa5 19. Bd2 b4 20. Nd1 c4 21. Qxc4
Rfc8 22. Qb3 Qc5+ 23. Ne3 Bd4 24. Rac1 Qc4 25. Kh2 Qxb3 26. cxb3 Bxb2 27. Rxc8+
Rxc8 28. Nxf5 Kf8 29. Nxe7 Rc2 30. Bxb4 Bc3 31. Bxc3 Rxc3 32. b4 Rc4 33. Nc6
Rxf4 34. b5 axb5 35. axb5 Ne5 36. Nxe5 dxe5 37. Rxe5 Rb4 38. d6 Rd4 39. b6 Rxd6
40. Rb5 Rd8 41. b7 Rb8 42. Kg3 Ke8 43. Kg4 Kd8 44. Kg5 Kc7 45. Kh6 1-0

[Event "4. Memorial Oliver Gonzalez 2015"]
[Site "Madrid ESP"]
[Date "2015.10.10"]
[Round "1.27"]
[White "Vukotic Jovsic, Dragan"]
[Black "Moreno Ibanez, Miguel"]
[Result "1-0"]
[WhiteElo "1931"]
[BlackElo "2283"]
[PlyCount "93"]
[EventDate "2015.10.10"]
[EventType "swiss"]
[EventRounds "9"]
[EventCountry "ESP"]
[Source "lmi"]
[SourceDate "2015.10.10"]

1. d4 Nf6 2. Bf4 d6 3. Nf3 g6 4. e3 Bg7 5. Be2 O-O 6. O-O Nbd7 7. h3 Qe8 8. c4
e5 9. Bh2 Qe7 10. Nc3 h6 11. b4 e4 12. Nd2 a6 13. Qc2 Re8 14. c5 d5 15. a4 Nf8
16. b5 Bf5 17. Rfb1 h5 18. bxa6 bxa6 19. Rb7 Ne6 20. Qb3 Qd7 21. Be5 Nxc5 22.
dxc5 Rxe5 23. c6 Qxc6 24. Rc1 Qe6 25. Rb8+ Rxb8 26. Qxb8+ Bf8 27. Qxc7 Ne8 28.
Qd8 Qc6 29. Nb3 Bd7 30. Bxa6 Be7 31. Qb8 Qf6 32. Bc8 Bd6 33. Qb7 Bxc8 34. Qxc8
Kg7 35. Nd4 Nc7 36. Ncb5 Re8 37. Qd7 Nxb5 38. axb5 Qe5 39. g3 Re7 40. Qd8 Bc7
41. Qc8 h4 42. Nc6 Qb2 43. Rf1 hxg3 44. Nxe7 Qe5 45. Qg8+ Kh6 46. Qxf7 gxf2+
47. Rxf2 1-0